000 00464nam a2200181Ia 4500
001 20686
005 20260306172824.0
008 260306t2020||||xx |||||||||||||| ||spa||
041 _aESP
082 _a343.6
_bR738
100 _aRetamozo Linares, Alberto
_eAUT
245 0 _aTexto único ordenado de la ley de contrataciones del Estado
260 _c2020
300 _a831 páginas :
_c25 cm.
650 _aGEN
654 _aCDE
942 _cLIB
_dJUS
_fJUS
_2ddc
_n
999 _c20686
_d20686